000 00731nam a2200253 i 4500
001 C2-0118715
003 PPAK
005 20180727111436.0
008 970803s1986 enka|||| ||||| | eng d
020 _a0195826582
040 _aPPAK
_beng
_cPPAK
_erda
082 0 4 _a581.50959
_223
090 0 0 _a581.50959
_bVEE
_dG
090 0 0 _a581.50959
_bVEE
_dR
100 1 _aVeevers, Carter W.,
_eauthor
245 1 2 _aA garden of eden :
_bplant life in south-East Asia
264 1 _aOxford :
_bOxford University Press ,
_c1986
300 _a59 pages :
_bcolour illustrations ;
_c20 cm
336 _2rdacontent
_atext
337 _2rdamedia
_aunmediated
338 _2rdacarrier
_avolume
650 1 0 _aBotany - Ecology
942 _ddc
_cB
999 _c32489
_d32489